La Unión Europea

Na minha lista:
Detalhes bibliográficos
Formato: Livro
Idioma:espanhol
Publicado em: Bruselas Comisión Europea 1994
Colecção:Europa en Movimiento
Assuntos:
Tags: Adicionar Tag
Sem tags, seja o primeiro a adicionar uma tag!

MARC

LEADER 00000nam a2200000 a 4500
001 UCZ6929
003 CL-VaPUC
008 951219e19940000BE |||||||||||||||||spa|d
082 0 4 |a 337.142  |b UNI  |2 21 
245 1 3 |a La Unión Europea 
300 |a 50 p 
942 |c BK 
945 |d 19951219 00:00:00  |a rleighto 
260 |a Bruselas  |b Comisión Europea  |c 1994 
600 0 7 |a UNION EUROPEA  |2 CL-VaPUC  |9 320734 
650 7 |a COMUNIDADES EUROPEAS  |2 CL-VaPUC  |9 320736 
650 7 |a TRATADOS  |2 CL-VaPUC  |9 351562 
650 0 |a Acuerdos económicos  |9 348030 
583 |a last modification  |c 19951219 00:00:00  |k Rodrigo Vera 
490 0 |a Europa en Movimiento 
999 |c 243073  |d 243071 
952 |0 0  |1 0  |4 0  |6 337_142000000000000_UNI_1994  |7 0  |8 A  |9 256482  |a BIBENE  |b BIBENE  |d 2019-11-19  |i 3162273  |o 337.142 UNI 1994  |p 3162273  |r 2025-01-15  |w 2019-11-19  |y BK  |k ICO